| 000 | 00736nam a22001817a 4500 | ||
|---|---|---|---|
| 003 | BD-DhUL | ||
| 005 | 20170306123051.0 | ||
| 008 | 170306snd. ii ||||| |||| 000 0 b d | ||
| 040 |
_aBD-DhUL _cBD-DhUL |
||
| 082 |
_a891.443 _bSRR |
||
| 100 | 1 | 0 | _aবন্দ্যোপাধ্যায়, চারুচন্দ্র |
| 245 | 1 | 0 |
_aরত্নাবলী (শ্রী হর্ষ রচিত ) / _cচারুচন্দ্র বন্দ্যোপাধ্যায় |
| 260 |
_aকলিকাতা : _bকান্তিক প্রেস, _c. |
||
| 300 |
_a(৩), ৪৮ পৃ. ; _c১৭ সে.মি. |
||
| 650 | 4 | _aবাংলা উপন্যাস | |
| 650 | 4 | _aBengali novel | |
| 942 |
_2ddc _cBK |
||
| 999 |
_c160055 _d160055 |
||